[Event "Morava-ch U16"]
[Site "Bystrice nad Pernstejnem"]
[Date "2024.10.29"]
[Round "5"]
[White "Lizuch, Lukas"]
[Black "Ulrich, Adam"]
[Result "1-0"]
[WhiteElo "1616"]
[BlackElo "1482"]
[PlyCount "129"]
[EventDate "2024.10.26"]
[EventType "swiss"]
[EventRounds "9"]
[EventCountry "CZE"]
[SourceTitle "CB45_2024"]
[Source "ChessBase"]
[SourceDate "2024.11.06"]
[SourceVersion "1"]
[SourceVersionDate "2024.11.06"]
[SourceQuality "1"]

1. e4 c6 2. Nf3 d5 3. Nc3 Bg4 4. h3 Bxf3 5. Qxf3 d4 6. Ne2 e5 7. d3 Nd7 8. g4 Nc5 9. Qg3 Bd6 10. Bg2 Ne6 11. Rf1 g5 12. Bd2 Ne7 13. h4 h6 14. Rh1 Ng6 15. hxg5 hxg5 16. Rxh8+ Nxh8 17. 0-0-0 Qb6 18. Bxg5 Ng6 19. Bd2 Nc5 20. Nxd4 0-0-0 21. Nb3 Qb5 22. Nxc5 Bxc5 23. f4 Qa4 24. Kb1 Qb5 25. f5 Nf4 26. Bxf4 exf4 27. Qxf4 Bd4 28. Qc1 a5 29. c3 Bf6 30. g5 Rg8 31. gxf6 Rxg2 32. Rd2 Rg3 33. c4 Qe5 34. Qc3 Qd6 35. Kc2 b6 36. a3 Kb7 37. c5 bxc5 38. Qc4 Qxf6 39. Qxc5 Ka6 40. b4 axb4 41. Qxb4 Qe5 42. Qc4+ Kb6 43. Qxf7 Rg7 44. Qe6 Qxe6 45. fxe6 Re7 46. Kb3 Rxe6 47. Kc4 Re5 48. Rb2+ Kc7 49. a4 Re8 50. a5 Ra8 51. Ra2 Ra6 52. Kc5 Kd7 53. d4 Kc7 54. e5 Kd7 55. d5 cxd5 56. Kxd5 Ke7 57. e6 Kd8 58. Kc5 Kc7 59. e7 Re6 60. a6 Kb8 61. Rb2+ Ka7 62. Rb7+ Ka8 63. Rd7 Kb8 64. Rd8+ Ka7 65. e8Q 1-0

[Event "Morava-ch U16"]
[Site "Bystrice nad Pernstejnem"]
[Date "2024.10.27"]
[Round "2"]
[White "Brychta, David1"]
[Black "Ulrich, Adam"]
[Result "1/2-1/2"]
[WhiteElo "1609"]
[BlackElo "1482"]
[PlyCount "106"]
[EventDate "2024.10.26"]
[EventType "swiss"]
[EventRounds "9"]
[EventCountry "CZE"]
[SourceTitle "CB45_2024"]
[Source "ChessBase"]
[SourceDate "2024.11.06"]
[SourceVersion "1"]
[SourceVersionDate "2024.11.06"]
[SourceQuality "1"]

1. e4 c6 2. d4 d5 3. exd5 cxd5 4. Bd3 Nc6 5. c3 Nf6 6. Bf4 Bg4 7. Qb3 Qd7 8. Nd2 e6 9. Ngf3 Be7 10. 0-0 0-0 11. Rfe1 a6 12. Qc2 h6 13. h3 Bf5 14. Bxf5 exf5 15. Ne5 Nxe5 16. Rxe5 Ne4 17. f3 f6 18. Rxe7 Qxe7 19. fxe4 fxe4 20. Re1 Qd7 21. Nf1 b5 22. Ne3 Rac8 23. Qb3 Rfd8 24. Ng4 Kh8 25. Ne3 a5 26. a3 Qb7 27. a4 b4 28. c4 dxc4 29. Nxc4 Rxd4 30. Nd6 Rxd6 31. Bxd6 Qb6+ 32. Qe3 Qxd6 33. Qxe4 Qc6 34. Qxc6 Rxc6 35. Re8+ Kh7 36. Ra8 Rc5 37. Ra7 Rc2 38. Rxa5 Rxb2 39. Rb5 b3 40. a5 Ra2 41. Rxb3 Rxa5 42. Rb7 Ra2 43. Kh2 Ra3 44. Rc7 h5 45. Rb7 Kh6 46. Rc7 g5 47. Rc6 Kg6 48. Rc7 g4 49. hxg4 hxg4 50. g3 Rf3 51. Kg2 f5 52. Rc6+ Kg5 53. Ra6 Re3 1/2-1/2